[Event "FRA-ch op-B"]
[Site "Nimes"]
[Date "2009.08.18"]
[Round "7"]
[White "Penalver, Frederic"]
[Black "Nord, Antoine"]
[Result "0-1"]
[WhiteElo "1963"]
[BlackElo "1903"]
[PlyCount "94"]
[EventDate "2009.08.11"]
[EventType "swiss"]
[EventRounds "11"]
[EventCountry "FRA"]
[SourceTitle "EXT 2011"]
[Source "ChessBase"]
[SourceDate "2010.11.26"]
[SourceVersion "1"]
[SourceVersionDate "2010.11.26"]
[SourceQuality "1"]

1. e4 c6 2. d4 d5 3. e5 c5 4. c3 Nc6 5. Nf3 Bg4 6. Be2 e6 7. 0-0 Bxf3 8. Bxf3 cxd4 9. cxd4 Qb6 10. Be3 Qxb2 11. Qb3 Qxb3 12. axb3 Bb4 13. Rc1 Nge7 14. Nc3 Bxc3 15. Rxc3 Kd7 16. Be2 Rhc8 17. Bd3 g6 18. g4 a6 19. Rac1 Nb4 20. Bb1 Rxc3 21. Rxc3 Rc8 22. Rxc8 Kxc8 23. Kf1 Nec6 24. Ke2 Kc7 25. Kd2 b5 26. Kc3 Kb6 27. Bh6 a5 28. Bf8 Na6 29. Bc2 Nc7 30. Bc5+ Kb7 31. Bd1 b4+ 32. Kd3 Nb5 33. f3 Nc3 34. Bc2 Ka6 35. Kd2 a4 36. Bxb4 Nxb4 37. Kxc3 Nxc2 38. Kxc2 Kb5 39. bxa4+ Kxa4 40. f4 Kb4 41. Kd3 Kb3 42. h4 Kb4 43. Ke3 Kc3 44. f5 gxf5 45. gxf5 Kc4 46. h5 h6 47. fxe6 fxe6 0-1

[Event "FRA-chT2 South 0607"]
[Site "France"]
[Date "2007.02.11"]
[Round "7.7"]
[White "Broca, Alexandre"]
[Black "Penalver, Frederic"]
[Result "1-0"]
[WhiteElo "2143"]
[BlackElo "1951"]
[PlyCount "41"]
[EventDate "2006.10.15"]
[EventType "team-tourn"]
[EventRounds "11"]
[EventCountry "FRA"]
[SourceTitle "EXT 2008"]
[Source "ChessBase"]
[SourceDate "2007.11.25"]
[SourceVersion "1"]
[SourceVersionDate "2007.11.25"]
[SourceQuality "1"]
[WhiteTeam "Grenoble"]
[BlackTeam "L'Isle sur la Sorgue"]
[WhiteTeamCountry "FRA"]
[BlackTeamCountry "FRA"]

1. d4 f5 2. h3 Nf6 3. g4 d6 4. Bg2 c6 5. gxf5 Bxf5 6. Nc3 Nbd7 7. e4 Bg6 8. f4 e6 9. Nge2 d5 10. f5 exf5 11. exd5 Nxd5 12. 0-0 Nxc3 13. bxc3 Qa5 14. Rb1 0-0-0 15. Bf4 Bh5 16. Qd3 Bxe2 17. Qxe2 h6 18. Qe6 Qxc3 19. Be5 Bc5 20. Rxb7 Bb6 21. Rb8# 1-0

[Event "FRA-ch op-B"]
[Site "Aix les Bains"]
[Date "2003.08.26"]
[Round "7"]
[White "Penalver, Frederic"]
[Black "Chaumont, Adeline"]
[Result "1-0"]
[WhiteElo "1860"]
[BlackElo "1930"]
[PlyCount "53"]
[EventDate "2003.08.19"]
[EventType "swiss"]
[EventRounds "9"]
[EventCountry "FRA"]
[SourceTitle "EXT 2004"]
[Source "ChessBase"]
[SourceDate "2003.11.25"]
[SourceVersion "1"]
[SourceVersionDate "2003.11.25"]
[SourceQuality "1"]

1. e4 e6 2. d4 d5 3. e5 c5 4. c3 Nc6 5. Nf3 Qb6 6. Bd3 Bd7 7. 0-0 cxd4 8. cxd4 Nxd4 9. Nxd4 Qxd4 10. Nc3 Qb6 11. Qe2 a6 12. Kh1 Ne7 13. f4 g6 14. Be3 Qc7 15. Rac1 Qd8 16. f5 exf5 17. Bg5 Be6 18. Bb5+ axb5 19. Nxb5 Bg7 20. Nc7+ Kf8 21. Nxa8 Qxa8 22. Rc7 Nc6 23. Qb5 Bxe5 24. Rxb7 Bc8 25. Rb6 Nd4 26. Bh6+ Kg8 27. Qe8# 1-0